书目信息 |
| 题名: |
艰难与辉煌
|
|
| 作者: | 省委党史委 编著 | |
| 分册: | ||
| 出版信息: | 郑州 河南人民出版社 1993.10 |
|
| 页数: | 216页 | |
| 开本: | 32开 | |
| 丛书名: | ||
| 单 册: | ||
| 中图分类: | K201 | |
| 科图分类: | ||
| 主题词: | 中国--通史 | |
| 电子资源: | ||
| ISBN: | 7-215-02757-0 | |
| 000 | 00552nam0 2200193 45 | |
| 001 | 0011012146 | |
| 005 | 20001101215511.3 | |
| 010 | @a7-215-02757-0@d7.70元 | |
| 100 | @a20001101d1993 km y0chiy0120 ea | |
| 101 | 0 | @achi |
| 105 | @a z 000yy | |
| 200 | 1 | @a艰难与辉煌@AJian Nan Yu Hui Huang@f省委党史委编著@FSheng Wei Dang Shi Wei Bian Zhu |
| 210 | @a郑州@c河南人民出版社@d1993.10 | |
| 215 | @a216页@d32开 | |
| 606 | 0 | @a中国@x通史 |
| 690 | @aK201@v3 | |
| 701 | 0 | @a省委党史委@4编著 |
| 801 | @aCN@bPftUser@c20001101 | |
| 905 | @b196019@dK201@eM785@f1 | |
| 艰难与辉煌/省委党史委编著.-郑州:河南人民出版社,1993.10 |
| 216页;32开 |
| ISBN 7-215-02757-0:7.70元 |
| ● |
| 相关链接 |
|
|
|
正题名:艰难与辉煌
索取号:K201/M785
 
预约/预借
| 序号 | 登录号 | 条形码 | 馆藏地/架位号 | 状态 | 备注 |
| 1 | 196019 | 201960191 | 社科库309/309社科库 105排5列5层/ [索取号:K201/M785] | 在馆 |